MDQL
is popping MORE tags! Check the
thread
!
Quizzes
Events
Quiz Creation
Community
Videos
Private Events
Remove Ads
Sign In
Join for FREE
Feedback
Dark Mode
Quiz Categories
Sports
Geography
Music
Movies
Television
Just For Fun
Miscellaneous
History
Literature
Language
Science
Gaming
Entertainment
Religion
Holiday
For Kids
Quiz Lab
Recent
Popular Today
Quiz Kudos Today
Editor Picks
Curator Picks
Quizzes by...
Day
Popularity
Type
Ratings
Length
Year
Community
Subscriptions
Recent Discussions
Orange Saloon
Badges
Playlists
Quests
Create
Leaderboards
Showdown
Live 5
Trivia Bingo
Activity
Puzzle Library
Sporcle Events
Private Events
Virtual Trivia
Globe League
Become a Host
Pub Owners
SporcleCon
Opinionation
Our Games
Videos
Blog
Mobile Apps
Partnerships
Remove Ads and Go Orange
Feedback
Gaming
Video Games
Board Games
Card Games
Pokémon
Mario
Nintendo
Minecraft
Console
Toys
Legend of Zelda
Gaming
Video Games
Board Games
Card Games
Pokémon
Mario
Nintendo
Minecraft
Console
Toys
Legend of Zelda
Random Quiz
Search Sporcle
×
Quiz Lab
Quiz Lab
Gaming
Strategy
Type in answers that appear in a list
Type in answers that appear in a list
Classic
Best Score? Go Orange.
Civ 5 map settings (Vanilla) Stats
Can you name the Civ 5 map settings in Vanilla?
By
Mr_Foreveralone
10m
48 Questions
43 Plays
43 Plays
43 Plays
Comments
Comments
Give Quiz Kudos
Give Quiz Kudos
-
- Ratings
hide this ad
More Info
Replay
Link that replays current quiz
Next Quiz
Link to next quiz in quiz playlist
You Got
0%
They Got
Avg Score
50%
Avg Friend Score
Upgrade to see
Score Distribution
Jump to the score distribution portion of the page
Score
0/48
Timer
10:00
0
Plays Today
Type
Setting
% Correct
Size
Small
95.3%
Size
Tiny
90.7%
Size
Large
86%
Size
Huge
86%
Landmass
Continents
86%
Size
Duel
83.7%
Sea Level
Low
83.7%
Sea Level
High
83.7%
Landmass
Pangea
83.7%
Landmass
Archipelago
74.4%
Landmass
Earth
74.4%
Rainfall
Normal
74.4%
Size
Standard
69.8%
Temperature
Hot
69.8%
Sea Level
Medium
69.8%
Resource
Standard
69.8%
Rainfall
Dry
62.8%
Rainfall
Wet
60.5%
Resource
Abundant
60.5%
Landmass
Fractal
55.8%
Age
3 BIllion
53.5%
Age
4 Billion
53.5%
Age
5 Billion
53.5%
Temperature
Temperate
53.5%
Type
Setting
% Correct
Multiple
Random
44.2%
Temperature
Cool
41.9%
Landmass
Asia
39.5%
Resource
Sparse
39.5%
Resource
Legendary Start
37.2%
Landmass
North vs South
37.2%
Landmass
Terra
37.2%
Landmass
West vs East
37.2%
Resource
Strategic Balance
34.9%
Landmass
Four Corners
34.9%
Landmass
Great Plains
34.9%
Landmass
Small Continents
34.9%
Landmass
Tiny Islands
32.6%
Landmass
Americas
30.2%
Landmass
Ice Age
30.2%
Landmass
Inland Sea
27.9%
Landmass
Lakes
25.6%
Landmass
Mesopotamia
20.9%
Landmass
Highlands
18.6%
Landmass
Oval
14%
Landmass
Ring
14%
Landmass
Skirmish
9.3%
Landmass
Mediterranean
7%
Landmass
Ancient Lakes
2.3%
Quiz Playlist
Details
Report
Send in Message
Add To Playlist
More Info:
Any settings that effect gameplay such as difficulty, game options, starting era, victory conditions, and game speed. They are excluded.
Classic:
Type in answers that appear in a list
Last Updated: Feb 22, 2018
Quiz Scoreboard
CHALLENGE
Sign Up to Join the Scoreboard
Show All
Scores
Hide
Comments
May contain spoilers
Recently Published
Find the 'City' Movie
by crazypaving
Movies
60s
5x2 Blitz: Bands
by SL_Kpop136
Music
30s
Colored Red Africa Blitz
by spor1
Geography
30s
More to Explore
Quiz From the Vault
Featured Blog Post
14 Easter Pick-up Lines to Find Eggs With
hide this ad
You Might Also Like...
Tags
Civ
Civ 5
Civilization
map
Strategy
Today's Top Quizzes in Gaming
Browse Gaming
hide this ad
Today's Top Quizzes in Strategy
Browse Strategy
Top Contributed Quizzes in Gaming
1
League of Legends Pro Players by Career/Team History
2
Genshin murder mystery
3
Destiny 2 exotic weapons by perk icons
4
Dead By Daylight Logic Puzzle
5
Genshin Impact Logic Puzzle
6
Valorant Agent Developer Names (Up to Clove)
7
Overwatch 2: Ultimate Ability Icons
8
Who's on the WWE 2K24 Cover?
9
Genshin Impact Logic Puzzle Quiz II
10
4x4 Decades: Video Games
Explore More
Trending Topics
Anime
Harry Potter
NBA
Disney
Crossword
Kpop
Marvel
NFL
The Office
Pokémon
Song
Puzzle
Country
WWE
Soccer
hide this ad
More By:
Mr_Foreveralone
Quiz
Plays
Rating
Category
Featured
Created
Civilization 5 (BNW) Resources
544
4.50
Gaming
Apr 5, 2017
Magia Record Magical Girls (February 5, 2024)
437
5.00
Entertainment
Aug 22, 2018
Magia Record Characters Doppel
292
4.00
Entertainment
Aug 24, 2018
To Love Ru Characters (in the Manga)
159
Entertainment
Jun 4, 2015
Civilization V (BNW) City States
155
2.67
Gaming
Apr 5, 2017
Go to Creator's Profile
Score Distribution
Quiz Creator Spotlight
Mr_Foreveralone
Follow
Send a Message
Quizzes Created
-
Created Quiz Play Count
-
More By This Creator
Popular Quizzes Today
1
Colored Red Africa Blitz
2
Find the 'City' Movie
3
Find the US States - No Outlines Minefield
4
5x2 Blitz: Bands
5
The Countries of the World
6
Find the US States
7
US States
8
Find the Countries of Europe - No Outlines Minefield
More Gaming Quizzes
Criteria Chess Pieces
Published
Trending Quizzes
Colored Red Europe Blitz I
Colored Red Africa Blitz II
Colored Red Europe Blitz II
Colored Red Europe Blitz III
Colored Red Africa Blitz III
Recently Updated
How Do You Spell That?
pecheneg
Godzilla Movies
pecheneg
Grab Bag: 4-10 Letters
pecheneg
2024 March Madness Bracket
pecheneg
Famous TV Couples
Peacemaker
Champions League XIs: Real Madrid
pecheneg
Largest US Cities 1790-2010
pecheneg
Rides in Walt Disney World
pecheneg
Most Oscar Losses (Acting)
pecheneg
Beyoncé Albums
pecheneg
Trending Topics
Harry Potter
Crossword
Disney
Anime
Kpop
Marvel
NBA
WWE
Soccer
Pokémon
The Office
NFL
Puzzle
Country
Song
Your Account Isn't Verified!
In order to create a playlist on Sporcle, you need to verify the email address you used during registration. Go to your
Sporcle Settings
to finish the process.
Report this User
Report this user for behavior that violates our
Community Guidelines
.
Details:
Send Report
Go to the Sporcle.com Mobile Site →
Comments